00692 2200241 4500001002100000005001700021008004100038020001800079035002400097040001200121082001000133090001700143100002000160245007300180250001800253260003000271300002900301440003300330500003100363650002900394850001200423990001500435YOGYA-0209000002659420090227024053.0 ind  a979-499-146-5 0010-020900000026594 aYOPDYOG a338.7 a338.7bSae O aSAEFUDDIN Ar, M aOrganisasi dan manajemen industri (suatu pengantar)cM. Saefuddin Ar aEd. 1, cet. 1 aYogyakartabLibertyc1993 axi, 129 hlmbilusc21 cm aSeri ilmu sumberdaya manusia aBibliografi : hlm. 128-129 aOrganisasi perindustrian aYOPDYOG a06A0013559